Normal view
MARC view
Entry Personal Name
001 - CONTROL NUMBER
- control field: 2477
003 - CONTROL NUMBER IDENTIFIER
- control field: ARRUPE
005 - DATE AND TIME OF LATEST TRANSACTION
- control field: 20131011135030.0
008 - FIXED-LENGTH DATA ELEMENTS
- fixed length control field: 131011|| aca||aabn | a|a d
040 ## - CATALOGING SOURCE
- Original cataloging agency: ARRUPE
- Transcribing agency: ARRUPE
100 ## - HEADING--PERSONAL NAME
- Personal name: Vera, Yvonne.
- Title of a work: Butterfly burning.
670 ## - SOURCE DATA FOUND
- Source citation: Work cat.: (ARRUPE)0: Ranger, T. O. (Terence O.) 2476, Bulawayo burning :, 2010.